[Event "IND-ch (Women) 47th"]
[Site "Bhubaneswar"]
[Date "2022.03.02"]
[Round "9"]
[White "Smaraki, Mohanty"]
[Black "Michelle, Catherina P"]
[Result "1-0"]
[WhiteElo "1725"]
[BlackElo "2176"]
[PlyCount "79"]
[EventDate "2022.02.25"]
[EventType "swiss"]
[EventRounds "9"]
[EventCountry "IND"]
[SourceTitle "CBM 207 Extra"]
[Source "ChessBase"]
[SourceDate "2022.05.31"]
[SourceVersion "1"]
[SourceVersionDate "2022.05.31"]
[SourceQuality "1"]

1. d4 c5 2. d5 e5 3. c4 d6 4. e4 g6 5. Nc3 Bg7 6. h4 Nf6 7. g3 Na6 8. Bg2 Nc7 9. Nge2 a6 10. a4 b6 11. f3 Rb8 12. Kf2 h5 13. Bg5 b5 14. b3 bxc4 15. bxc4 Bd7 16. Qd3 0-0 17. Rhb1 Rb4 18. a5 Na8 19. Bd2 Nh7 20. Rxb4 cxb4 21. Nd1 f5 22. Bxb4 fxe4 23. Qxe4 Bf5 24. Qe3 e4 25. Bc3 exf3 26. Bxf3 Bg4 27. Nf4 Bxf3 28. Kxf3 g5 29. hxg5 Qxg5 30. Bxg7 Qxg7 31. Rb1 Nc7 32. Kg2 h4 33. Rb7 Ng5 34. Nf2 Qf7 35. gxh4 Nh7 36. Qg3+ Kh8 37. Ng6+ Kg8 38. Nxf8+ Kxf8 39. Qf3 Nf6 40. Rxc7 1-0

[Event "IND-ch U19 Girls"]
[Site "Kankarbagh"]
[Date "2017.09.09"]
[Round "9"]
[White "Smaraki, Mohanty"]
[Black "Tejaswini, Sagar"]
[Result "1/2-1/2"]
[WhiteElo "1771"]
[BlackElo "2093"]
[PlyCount "62"]
[EventDate "2017.09.03"]
[EventType "swiss"]
[EventRounds "11"]
[EventCountry "IND"]
[SourceTitle "CBM 180 Extra"]
[Source "ChessBase"]
[SourceDate "2017.10.06"]
[SourceVersion "1"]
[SourceVersionDate "2017.10.06"]
[SourceQuality "1"]

1. c4 e5 2. Nc3 Nc6 3. g3 Bc5 4. Bg2 d6 5. e3 Bf5 6. a3 a5 7. d3 Qd7 8. h3 Nge7 9. Nge2 0-0 10. g4 Bg6 11. e4 Nd4 12. Nxd4 Bxd4 13. Ne2 Nc6 14. Nxd4 Nxd4 15. Be3 c5 16. a4 Ne6 17. h4 f6 18. Bh3 Qe7 19. Rg1 Nf4 20. Bf1 Be8 21. Qd2 g5 22. f3 Bc6 23. h5 Ne6 24. Kf2 h6 25. Be2 Qd7 26. Bd1 Ra6 27. b3 Raa8 28. Bc2 Qe7 29. Bd1 Rfd8 30. Ra2 Rf8 31. Rg2 Kg7 1/2-1/2

[Event "IND-ch U19 Girls"]
[Site "Kankarbagh"]
[Date "2017.09.06"]
[Round "6"]
[White "Smaraki, Mohanty"]
[Black "Isha, Sharma"]
[Result "0-1"]
[WhiteElo "1771"]
[BlackElo "1927"]
[PlyCount "66"]
[EventDate "2017.09.03"]
[EventType "swiss"]
[EventRounds "11"]
[EventCountry "IND"]
[SourceTitle "CBM 180 Extra"]
[Source "ChessBase"]
[SourceDate "2017.10.06"]
[SourceVersion "1"]
[SourceVersionDate "2017.10.06"]
[SourceQuality "1"]

1. d4 Nf6 2. c4 g6 3. Nc3 Bg7 4. e4 0-0 5. f3 d6 6. Be3 Nc6 7. Qd2 e5 8. Nge2 exd4 9. Nxd4 Re8 10. Be2 Ne5 11. 0-0-0 a5 12. g4 a4 13. a3 Nfd7 14. Ndb5 Nf8 15. Nd5 Ne6 16. f4 Nd7 17. f5 Nec5 18. Kb1 Nxe4 19. Qc2 c6 20. Ndc7 cxb5 21. Nxa8 b6 22. Bd4 Bb7 23. Bxg7 Kxg7 24. cxb5 Bxa8 25. Bf3 Ndc5 26. Rhe1 Qf6 27. Rf1 Qe5 28. h4 Bd5 29. Rde1 Bb3 30. Qg2 Bc4 31. Bxe4 Nxe4 32. Rg1 Qxb5 33. Ka1 Qb3 0-1

[Event "IND-ch U25 Girls 5th"]
[Site "Bhubaneswar"]
[Date "2015.12.11"]
[Round "3"]
[White "Mitali, Madhukar Patil"]
[Black "Smaraki, Mohanty"]
[Result "1/2-1/2"]
[WhiteElo "1967"]
[BlackElo "1781"]
[PlyCount "55"]
[EventDate "2015.12.10"]
[EventType "swiss"]
[EventRounds "8"]
[EventCountry "IND"]
[SourceTitle "CBM 169 Extra"]
[Source "ChessBase"]
[SourceDate "2015.12.18"]
[SourceVersion "1"]
[SourceVersionDate "2015.12.18"]
[SourceQuality "1"]

1. e4 e6 2. d4 d5 3. exd5 exd5 4. Bd3 Bd6 5. Qf3 c6 6. Ne2 Qf6 7. Bf4 Bxf4 8. Qxf4 Qxf4 9. Nxf4 Nf6 10. Nd2 g5 11. Ne2 Bg4 12. 0-0-0 Bxe2 13. Rde1 0-0 14. Rxe2 Nbd7 15. Re3 h6 16. Bf5 Nb6 17. h4 g4 18. h5 Kh8 19. Re7 Rab8 20. Rh4 Rbe8 21. Rxe8 Rxe8 22. Kd1 Na4 23. Bxg4 Nxb2+ 24. Kc1 Na4 25. Nb3 Ne4 26. Bf3 Nec3 27. Nc5 Nxa2+ 28. Kd2 1/2-1/2

[Event "IND-ch U17 Girls 25th"]
[Site "Bihar"]
[Date "2014.12.06"]
[Round "7"]
[White "Smaraki, Mohanty"]
[Black "Ghosh, Samriddhaa"]
[Result "1/2-1/2"]
[WhiteElo "1726"]
[BlackElo "1810"]
[PlyCount "93"]
[EventDate "2014.12.02"]
[EventType "swiss"]
[EventRounds "11"]
[EventCountry "IND"]
[SourceTitle "EXT 2016"]
[Source "ChessBase"]
[SourceDate "2015.10.08"]
[SourceVersion "1"]
[SourceVersionDate "2015.10.08"]
[SourceQuality "1"]

1. c4 e6 2. Nc3 d5 3. d4 c6 4. e4 Bb4 5. cxd5 exd5 6. exd5 Qxd5 7. a3 Qe6+ 8. Be2 Ba5 9. Nf3 Nf6 10. 0-0 0-0 11. Re1 Qd6 12. h3 Bf5 13. b4 Bc7 14. Bd3 Bxd3 15. Qxd3 Nbd7 16. Bg5 Rfe8 17. g3 Qf8 18. Qc2 h6 19. Bd2 Bd6 20. Qb3 Nb6 21. Nh4 Rxe1+ 22. Rxe1 Re8 23. Rd1 Nfd5 24. Nf5 Bb8 25. Nxd5 Nxd5 26. b5 Bd6 27. a4 Bb4 28. Be3 Nxe3 29. Nxe3 cxb5 30. axb5 b6 31. Nd5 Ba3 32. Qc4 Qd6 33. Qc6 Rd8 34. Qxd6 Rxd6 35. Ne7+ Kf8 36. Nc6 a6 37. d5 axb5 38. Na7 b4 39. Nb5 Rd7 40. d6 f6 41. Rd3 Kf7 42. f4 g6 43. Kf2 Ke6 44. Kf3 b3 45. Rxb3 Kd5 46. Rb1 Kc5 47. Ke4 1/2-1/2

[Event "IND-ch U17 Girls 25th"]
[Site "Bihar"]
[Date "2014.12.03"]
[Round "2"]
[White "Smaraki, Mohanty"]
[Black "Tarini, Goyal"]
[Result "1/2-1/2"]
[WhiteElo "1726"]
[BlackElo "1972"]
[PlyCount "109"]
[EventDate "2014.12.02"]
[EventType "swiss"]
[EventRounds "11"]
[EventCountry "IND"]
[SourceTitle "EXT 2016"]
[Source "ChessBase"]
[SourceDate "2015.10.08"]
[SourceVersion "1"]
[SourceVersionDate "2015.10.08"]
[SourceQuality "1"]

1. c4 e6 2. e4 d5 3. cxd5 exd5 4. exd5 Nf6 5. Nc3 Nxd5 6. Bc4 Nxc3 7. bxc3 Be7 8. Nf3 0-0 9. 0-0 c5 10. h3 Nc6 11. d4 Na5 12. Bd3 Be6 13. Bf4 Bd5 14. Ne5 Bf6 15. Qc2 g6 16. c4 Bxg2 17. Kxg2 Qxd4 18. Bd2 Bxe5 19. f4 Bc7 20. Rad1 Qd6 21. Be4 Nc6 22. Bc3 Nd4 23. Bxd4 cxd4 24. Bxb7 Rab8 25. Bd5 Qa3 26. Rd3 Rb2 27. Rxa3 Rxc2+ 28. Rf2 Rxf2+ 29. Kxf2 Bb6 30. Ke2 Kg7 31. Rf3 Re8+ 32. Kd2 Re3 33. Rxe3 dxe3+ 34. Kd3 Kf6 35. Be4 h6 36. h4 g5 37. fxg5+ hxg5 38. hxg5+ Kxg5 39. Ke2 Kf4 40. Bd5 f5 41. Kd3 Kg3 42. Ke2 Bc5 43. Be6 Kf4 44. Bd5 Ke5 45. Kd3 a5 46. a4 Kd6 47. Bb7 f4 48. Bf3 Bb6 49. Ke4 Kc5 50. Kxf4 Kxc4 51. Be2+ Kc3 52. Kf3 Kd2 53. Bb5 Bc5 54. Ba6 Kc3 55. Ke2 1/2-1/2

[Event "IND-chB (Women) 41st"]
[Site "Mapusa"]
[Date "2014.09.14"]
[Round "10"]
[White "Swati, Mohota"]
[Black "Smaraki, Mohanty"]
[Result "0-1"]
[WhiteElo "2027"]
[BlackElo "1806"]
[PlyCount "130"]
[EventDate "2014.09.07"]
[EventType "swiss"]
[EventRounds "11"]
[EventCountry "IND"]
[SourceTitle "CBM 162 Extra"]
[Source "ChessBase"]
[SourceDate "2014.10.17"]
[SourceVersion "1"]
[SourceVersionDate "2014.10.17"]
[SourceQuality "1"]

1. d4 d5 2. c4 e6 3. Nc3 Nf6 4. cxd5 exd5 5. Bg5 Be7 6. Qc2 0-0 7. e3 c6 8. Bd3 Nbd7 9. Nge2 Re8 10. 0-0 Nf8 11. f3 h6 12. Bh4 a6 13. Rad1 Ne6 14. Kh1 b5 15. a3 Bb7 16. Bf5 Nf8 17. e4 g6 18. Bxf6 Bxf6 19. Bh3 Bg7 20. b4 Ne6 21. Bxe6 Rxe6 22. e5 Re8 23. f4 Bc8 24. Ng3 f5 25. Na2 Bd7 26. Nc1 a5 27. Nd3 Bf8 28. Ra1 Qb6 29. Ne2 Ra7 30. Nc5 Rea8 31. bxa5 Qc7 32. a6 Bxc5 33. Qxc5 Rxa6 34. Rfc1 Qd8 35. Ra2 Qf8 36. Qxf8+ Kxf8 37. Rca1 Ra4 38. Kg1 b4 39. Kf2 bxa3 40. Ke3 c5 41. dxc5 Bb5 42. Rd2 a2 43. Nc3 d4+ 44. Rxd4 Rxd4 45. Kxd4 Rd8+ 46. Ke3 Rd3+ 47. Kf2 Rxc3 48. Rxa2 Rxc5 49. Ra8+ Ke7 50. Ra7+ Bd7 51. Ra2 Rc4 52. g3 Rc3 53. Ra6 Rc2+ 54. Ke3 Rc6 55. Ra7 g5 56. h4 Rc3+ 57. Kf2 gxf4 58. gxf4 Rh3 59. e6 Kxe6 60. Ra6+ Kd5 61. Rxh6 Ke4 62. Kg2 Rd3 63. h5 Kxf4 64. Rh8 Bc6+ 65. Kh2 Rd1 0-1

[Event "IND-ch U19 Girls 29th"]
[Site "Mumbai"]
[Date "2014.07.11"]
[Round "2"]
[White "Smaraki, Mohanty"]
[Black "Pratyusha, Bodda"]
[Result "0-1"]
[WhiteElo "1820"]
[BlackElo "2125"]
[PlyCount "126"]
[EventDate "2014.07.10"]
[EventType "swiss"]
[EventRounds "11"]
[EventCountry "IND"]
[SourceTitle "EXT 2016"]
[Source "ChessBase"]
[SourceDate "2015.10.08"]
[SourceVersion "1"]
[SourceVersionDate "2015.10.08"]
[SourceQuality "1"]

1. c4 e6 2. e4 d5 3. cxd5 exd5 4. exd5 Nf6 5. Nc3 Nxd5 6. Nf3 Be7 7. d4 0-0 8. Bc4 Nb6 9. Be2 Nc6 10. h3 Bf6 11. Be3 Be6 12. b3 Qd7 13. Ne4 Be7 14. Nc5 Qd5 15. Nxe6 Qxe6 16. 0-0 Nd5 17. Bd2 Bf6 18. Bc4 Rad8 19. Re1 Qd6 20. Bg5 Bxg5 21. Nxg5 Qg6 22. Qd2 Ndb4 23. Rad1 h6 24. Nf3 Qh5 25. a3 Nd5 26. Ne5 Nce7 27. Be2 Qh4 28. Bg4 Qg5 29. Qxg5 hxg5 30. Bf3 c6 31. Nc4 Rfe8 32. g3 Nc3 33. Rd3 Nb5 34. d5 cxd5 35. Bxd5 Kf8 36. Red1 b6 37. a4 Nc7 38. Bf3 Rxd3 39. Rxd3 Ne6 40. b4 Rd8 41. Rxd8+ Nxd8 42. Nd6 Ndc6 43. Bxc6 Nxc6 44. b5 Nd4 45. Nc8 Ke8 46. Nxa7 Kd7 47. f4 gxf4 48. gxf4 Ne2+ 49. Kf2 Nxf4 50. Kg3 Ne2+ 51. Kf3 Nc3 52. Nc6 Nxa4 53. Nd4 g6 54. Kf4 f6 55. h4 Kd6 56. Nf5+ gxf5 57. h5 Ke7 58. h6 Kf7 59. Kxf5 Nc3 60. h7 Kg7 61. h8Q+ Kxh8 62. Kxf6 Nxb5 63. Ke6 Nc7+ 0-1

[Event "IND-ch U15 Girls 30th"]
[Site "Kolkata"]
[Date "2013.08.09"]
[Round "5"]
[White "Smaraki, Mohanty"]
[Black "Varshini, Veileven"]
[Result "1/2-1/2"]
[WhiteElo "1841"]
[BlackElo "1940"]
[PlyCount "242"]
[EventDate "2013.08.06"]
[EventType "swiss"]
[EventRounds "11"]
[EventCountry "IND"]
[SourceTitle "CBM 155 Extra"]
[Source "ChessBase"]
[SourceDate "2013.08.26"]
[SourceVersion "1"]
[SourceVersionDate "2013.08.26"]
[SourceQuality "1"]

1. d4 d5 2. Nf3 Nf6 3. Bf4 e6 4. e3 Be7 5. h3 0-0 6. Bd3 c5 7. c3 b6 8. 0-0 Bb7 9. Nbd2 Ne4 10. Qc2 f5 11. Ne5 Nd7 12. f3 Nxd2 13. Qxd2 Nxe5 14. Bxe5 Qd7 15. Qe2 Bd6 16. Bxd6 Qxd6 17. f4 c4 18. Bc2 b5 19. Qd2 a5 20. a3 Kh8 21. Kh1 Rf6 22. g4 h6 23. g5 hxg5 24. fxg5 Rff8 25. Qf2 Kh7 26. g6+ Kxg6 27. Rg1+ Kf7 28. Qg2 Ke7 29. Qxg7+ Rf7 30. Qh6 Raf8 31. Raf1 Kd7 32. Rg7 Rxg7 33. Qxg7+ Qe7 34. Qxe7+ Kxe7 35. Kh2 Bc6 36. Rg1 Kf6 37. h4 Rh8 38. Kh3 Be8 39. Bd1 Bf7 40. Bf3 b4 41. axb4 axb4 42. cxb4 Rb8 43. Kg3 Rxb4 44. Rg2 e5 45. dxe5+ Kxe5 46. Rd2 Rb8 47. Kf2 Rh8 48. Kg3 Rd8 49. Rd4 Rb8 50. Rd2 Rg8+ 51. Kf2 f4 52. exf4+ Kxf4 53. Bxd5 Rd8 54. Rd4+ Ke5 55. Rxc4 Bxd5 56. Rb4 Rf8+ 57. Ke3 Rf3+ 58. Kd2 Rh3 59. Kc2 Be4+ 60. Kd2 Rxh4 61. Ke3 Rh3+ 62. Kd2 Kf4 63. Rb8 Bd5 64. Rb4+ Ke5 65. Kc2 Kd6 66. Rg4 Kc6 67. b4 Bb3+ 68. Kd2 Kb5 69. Rd4 Bc4 70. Rd8 Kxb4 71. Rc8 Rd3+ 72. Ke1 Kc3 73. Kf2 Kd4 74. Rd8+ Bd5 75. Re8 Rf3+ 76. Ke2 Rg3 77. Rf8 Ra3 78. Kf2 Ra2+ 79. Kg3 Rg2+ 80. Kh3 Ke3 81. Kh4 Bf3 82. Rf6 Rg4+ 83. Kh5 Ke4 84. Kh6 Bd1 85. Rg6 Rh4+ 86. Kg5 Rh5+ 87. Kf6 Kf4 88. Rg1 Bf3 89. Ra1 Rh6+ 90. Kg7 Re6 91. Kf7 Rh6 92. Kg7 Rb6 93. Rf1 Ke4 94. Re1+ Kd5 95. Rf1 Be4 96. Rf6 Rb7+ 97. Rf7 Rb1 98. Rf2 Ke5 99. Kh6 Bf5 100. Kg5 Rg1+ 101. Kh4 Rg8 102. Re2+ Kf6 103. Rf2 Rg1 104. Rh2 Ke5 105. Re2+ Kf4 106. Rf2+ Ke4 107. Kh5 Rg3 108. Kh4 Rg4+ 109. Kh5 Ke5 110. Re2+ Kf6 111. Rf2 Rg3 112. Rh2 Rg8 113. Kh4 Ke5 114. Re2+ Be4 115. Rf2 Bf5 116. Re2+ Kf4 117. Rf2+ Ke4 118. Kh5 Ke5 119. Kh4 Rg4+ 120. Kh3 Ke4 121. Kh2 Rh4+ 1/2-1/2